Расчет и анализ режимов электроэнергетических систем

ग्रंथसूची विवरण
मुख्य लेखक: Стратан И. П. Иван Петрович
निगमित लेखक: Кишиневский политехнический институт им. С. Лазо
अन्य लेखक: Неретин В. И. Вячеслав Иванович (редактор), Спивак В. Л. Виктор Леонидович
भाषा:रूसी
प्रकाशित: Кишинев, Штиинца, 1990
विषय:
स्वरूप: MixedMaterials पुस्तक
KOHA link:https://koha.lib.tpu.ru/cgi-bin/koha/opac-detail.pl?biblionumber=114438

MARC

LEADER 00000nam0a2200000 4500
001 114438
005 20231101215207.0
010 |a 5376006433 
035 |a (RuTPU)RU\TPU\book\123743 
090 |a 114438 
100 |a 20070423d1990 m y0rusy50 ca 
101 0 |a rus 
102 |a MD 
105 |a a z 001zy 
200 1 |a Расчет и анализ режимов электроэнергетических систем  |f И. П. Стратан, В. И. Неретин, В. Л. Спивак  |g Кишиневский политехнический институт им. С. Лазо ; под ред. И. П. Стратана 
210 |a Кишинев  |c Штиинца  |d 1990 
215 |a 102 с.  |c ил. 
320 |a Библиогр.: с 92-99. 
610 1 |a расчет 
610 1 |a анализ 
610 1 |a режимы 
610 1 |a электроэнергетические системы 
610 1 |a математическое моделирование 
610 1 |a решение задач 
610 1 |a оценивание 
675 |a 621.311.016  |v 3 
700 1 |a Стратан  |b И. П.  |g Иван Петрович 
701 1 |a Неретин  |b В. И.  |g Вячеслав Иванович 
701 1 |a Спивак  |b В. Л.  |g Виктор Леонидович 
702 1 |a Стратан  |b И. П.  |g Иван Петрович  |4 340 
712 0 2 |a Кишиневский политехнический институт им. С. Лазо  |2 stltpush  |3 (RuTPU)RU\TPU\col\4164  |9 23937 
801 1 |a RU  |b 63413507  |c 20070423  |g PSBO 
801 2 |a RU  |b 63413507  |c 20080421  |g PSBO 
942 |c BK